Pokémon - Les attaques de Carapuce - Statistiques

Statistiques générales
  • Ce quiz a été pris 153 fois
  • Le résultat moyen est 8 sur 14
Statistiques - réponses
Niveaux Types Noms des attaques % Correct
Départ Normal Charge
100%
Niveau 33 Eau Hydrocanon
90%
Niveau 3 Eau Pistolet à O
90%
Départ Normal Mimi-Queue
85%
Niveau 12 Ténèbres Morsure
77%
Niveau 6 Eau Repli
68%
Niveau 15 Eau Vibraqua
51%
Niveau 36 Normal Coud'Krâne
39%
Niveau 30 Acier Mur de Fer
35%
Niveau 9 Normal Tour Rapide
31%
Niveau 21 Eau Danse Pluie
25%
Niveau 24 Eau Hydroqueue
25%
Niveau 18 Normal Abri
24%
Niveau 27 Normal Exuviation
13%
Aucun quiz correspondant
Distribution des résultats
% des personnes avec chaque résultat
Percentile par nombre de réponses
Votre historique - résultats
Vous n’avez pas pris ce quiz